Information Systems & I.T. Audit (Record no. 255)

MARC details
000 -LEADER
fixed length control field 00367nam a2200145Ia 4500
008 - FIXED-LENGTH DATA ELEMENTS--GENERAL INFORMATION
fixed length control field 230312s9999||||xx |||||||||||||| ||und||
082 ## - DEWEY DECIMAL CLASSIFICATION NUMBER
Classification number 658.84
Item number NAQ-I
100 ## - MAIN ENTRY--PERSONAL NAME
Personal name Naqvi,Imran H.
245 #0 - TITLE STATEMENT
Title Information Systems & I.T. Audit
260 ## - PUBLICATION, DISTRIBUTION, ETC.
Name of publisher, distributor, etc. Waheed Publisehrs
Place of publication, distribution, etc. Lahore
Date of publication, distribution, etc. 2006
300 ## - PHYSICAL DESCRIPTION
Extent 692
546 ## - LANGUAGE NOTE
Language note Eng.
650 ## - SUBJECT ADDED ENTRY--TOPICAL TERM
Topical term or geographic name entry element Computer
Form subdivision Business Processes
942 ## - ADDED ENTRY ELEMENTS (KOHA)
Koha item type BOOK
Holdings
Withdrawn status Lost status Source of classification or shelving scheme Damaged status Not for loan Home library Current library Date acquired Total Checkouts Full call number Barcode Date last seen Price effective from Koha item type
    Dewey Decimal Classification     Superior Information Resource Center (SIRC) Superior University- Main Campus Superior Information Resource Center (SIRC) Superior University- Main Campus 03/13/2023   658.84 NAQ-I 256 03/13/2023 03/13/2023 BOOK

Powered by Koha